English-Hebrew. Hebrew-English Dictionary

Spremljeno u:
Bibliografski detalji
Glavni autor: Ben-Yehuda, Ehud
Format: Knjiga
Jezik:Undetermined
Izdano: New York, Estados Unidos Pocket Books 1964
Teme:
Oznake: Dodaj oznaku
Bez oznaka, Budi prvi tko označuje ovaj zapis!

MARC

LEADER 00000nam a2200000Ia 4500
008 170316s9999 xx 000 0 und d
040 |a cru BVZT 
090 |a REF 
100 |a Ben-Yehuda, Ehud 
245 |a English-Hebrew. Hebrew-English Dictionary 
260 |a New York, Estados Unidos 
260 |b Pocket Books 
260 |c 1964 
300 |a 626 páginas 
650 |a REFERENCIA 
650 |a DICCIONARIO HEBREO - INGLÉS 
942 |c REF 
999 |c 14769  |d 14769